| 000 | 00000nam##2200000za#4500 |
| 001 | 9.698174 |
| 003 | CaOODSP |
| 005 | 20210624235818 |
| 007 | cr ||||||||||| |
| 008 | 150407|1998||||xxc|||||o f|0| 0 eng|d |
| 040 | |aCaOODSP|beng |
| 043 | |an-cn--- |
| 086 | 1 |aRH64-106/1998E-PDF |
| 110 | 1 |aCanada.|bHuman Resources Development Canada. |bStrategic Policy. |
| 245 | 10|aLessons learned - literature review on employment, labour market and economic development policies, programs and services for Aboriginal peoples : |h[electronic resource]|btechnical report / |c[by] Evaluation and Data Development. |
| 260 | |aOttawa - Ontario : |bHuman Resources Development Canada. |cMay 1998. |
| 300 | |a122p.|btables |
| 504 | |aBibliography. |
| 590 | |a13-16-Supp|b2013-07-12 |
| 775 | 08|tÉtudes bilan - examen de la documentation sur les politiques, programmes et services relatifs à l'emploi, au marché du travail et au développement économique à l'intention des peuples autochtones : |w(CaOODSP)9.642167 |
| 856 | 40|ahttp://publications.gc.ca|qPDF|s454 KB|uhttps://publications.gc.ca/collections/collection_2013/rhdcc-hrsdc/RH64-106-1998-eng.pdf |
| 986 | |aSP-AH141T-05-98E |